Сочинения. Т. 8: Поэмы (Запись № 8531583)

Подробности
000 -МАРКЕР
контрольное поле 01413nam2a22002771 4500
001 - ИДЕНТИФИКАТОР ЗАПИСИ
контрольное поле rc\4125396
005 - ИДЕНТИФИКАТОР ВЕРСИИ
контрольное поле 20250611002006.0
021 ## - НОМЕР ГОСУДАРСТВЕННОЙ РЕГИСТРАЦИИ
Код страны Российская Федерация
Номер [59-163]
035 ## - ДРУГИЕ СИСТЕМНЫЕ НОМЕРА
Идентификатор записи (NLR Aleph) 007983023
100 ## - ДАННЫЕ ОБЩЕЙ ОБРАБОТКИ
Данные общей обработки 20130415d1958 |||y0rusy50 ca
101 1# - ЯЗЫК РЕСУРСА
Язык текста, звукозаписи и т.д. русский
Язык оригинала украинский
102 ## - СТРАНА ПУБЛИКАЦИИ ИЛИ ПРОИЗВОДСТВА
Страна публикации Российская Федерация
105 ## - ПОЛЕ КОДИРОВАННЫХ ДАННЫХ: ТЕКСТОВЫЕ МАТЕРИАЛЫ, МОНОГРАФИЧЕСКИЕ
Кодированные данные о монографическом текстовом документе y z |||a|
200 1# - ЗАГЛАВИЕ И СВЕДЕНИЯ ОБ ОТВЕТСТВЕННОСТИ
Основное заглавие Поэмы
Сведения, относящиеся к заглавию [Пер. с укр.
Первые сведения об ответственности Под общ. ред. А.И. Белецкого и др.]
Последующие сведения об ответственности [Ред. М.Ф. Рыльский, Б.А. Турганов
-- Примеч. Б. Турганова
-- Вступ. статья А. Белецкого, с. 5-46]
210 ## - ПУБЛИКАЦИЯ, РАСПРОСТРАНЕНИЕ И ДР.
Дата издания, распространения и т.д. 1958
Место издания, распространения и т.д. Б. м.
215 ## - ФИЗИЧЕСКАЯ ХАРАКТЕРИСТИКА
Специфическое обозначение материала и объем 567 с.
Размеры 21
461 #0 - УРОВЕНЬ НАБОРА
Встроенное поле 001rc\4125388
-- 2001#$aСочинения$eВ 10 т.$e[Пер. с укр.$fВступ. статья М. Пархоменко, с. VII-XLVII]. Т. 1-$vТ. 8
-- 700#1$aФранко$bИ.Я.$f1856-1916$gИван Яковлевич
Системный номер (АБИС) связанной записи 8531535
Автор Франко, И.Я. (1856-1916)
Место публикации Москва
Дата публикации 1956
Первые сведения об ответственности Вступ. статья М. Пархоменко, с. VII-XLVII]. Т. 1-
Имя издателя, распространителя и т.д. Гослитиздат
Сведения, относящиеся к заглавию В 10 т. : [Пер. с укр.
Заглавие Сочинения
Номер тома Т. 8
702 #1 - ИМЯ ЛИЦА - ВТОРИЧНАЯ ОТВЕТСТВЕННОСТЬ
Начальный элемент ввода Турганов
Часть имени, кроме начального элемента ввода Б.А.
Код отношения Редактор
702 #1 - ИМЯ ЛИЦА - ВТОРИЧНАЯ ОТВЕТСТВЕННОСТЬ
Начальный элемент ввода Рыльский
Часть имени, кроме начального элемента ввода М.Ф.
Код отношения Редактор
702 #1 - ИМЯ ЛИЦА - ВТОРИЧНАЯ ОТВЕТСТВЕННОСТЬ
Начальный элемент ввода Белецкий
Часть имени, кроме начального элемента ввода А.И.
Расширение инициалов личного имени Александр Иванович
Код отношения Редактор
-- Автор введения, предисловия, примечания и т.п.
801 #0 - ИСТОЧНИК ЗАПИСИ
Страна Российская Федерация
Организация NLR
Правила каталогизации psbo
801 #1 - ИСТОЧНИК ЗАПИСИ
Страна Российская Федерация
Организация ELAR
Источник данных rusmarc
852 ## - МЕСТОНАХОЖДЕНИЕ И ШИФР ХРАНЕНИЯ
Идентификатор организации NLR
Шифр хранения (Call Number) Л40 Г-3/1853
942 ## - ДОПОЛНИТЕЛЬНЫЕ ЭЛЕМЕНТЫ ЗАПИСИ (АБИС)
Тип экземпляра АБИС Книга
980 ## - КОЛЛЕКЦИЯ
Название коллекции Национальная библиография
Экземпляры
Тип экземпляра Дата поступления Библиотека постоянного хранения Библиотека текущего хранения Место хранения Шифр хранения Штрих-код Статус экземпляра
Книга 26.10.2013 РНБ (Садовая) РНБ (Садовая) Русский книжный фонд -Главное здание, Ленинский читальный зал Л40 Г-3/1853 7983023-10